000 00205 a2200097 4500
001 10579
100 _aSeton-Watson, H
245 _aNeither war nor peace.
260 _a
_bMethuen
_c
090 _c8191
_d8191
942 _aNUST-CAE
_cM
_c34924
999 _c245652
_d245652